Ireland in the Eurovision Song Contest - Statistics

General Stats
  • This quiz has been taken 13 times
    8 since last reset
  • The average score is 22 of 58
Answer Stats
Answer % Correct
Doomsday Blue
88%
Laika Party
88%
That's Rich
88%
We Are One
88%
Hold Me Now
75%
Maps
75%
What's Another Year?
75%
Why Me?
75%
22
63%
All Kinds of Everything
63%
Lipstick
63%
Rock 'n' Roll Kids
63%
The Voice
63%
Together
63%
Heartbeat
50%
In Your Eyes
50%
Playing With Numbers
50%
Sunlight
50%
Terminal 3
50%
Waterline
50%
Born to Sing
38%
Dying to Try
38%
Irelande Douze Pointe
38%
Only Love Survives
38%
Ceol an Ghrá
25%
Could It Be That I'm in Love?
25%
Dreamin'
25%
Et Cetera
25%
Every Song Is A Cry for Love
25%
If I Could Choose
25%
If My World Stopped Turning
25%
I'm Walking the Streets in the Rain
25%
Is Always Over Now?
25%
It's For You
25%
Love?
25%
Millennium of Love
25%
Mysterious Woman
25%
One Day Love
25%
Somewhere in Europe
25%
Take Him Home
25%
That's What Friends Are For
25%
The Real Me
25%
They Can't Stop the Spring
25%
We've Got the World
25%
Chance of a Lifetime
13%
Come Back to Stay
13%
Cross Your Heart
13%
Do I Dream?
13%
Happy Man
13%
Here Today, Gone Tomorrow
13%
Horoscopes
13%
It's Nice to Be In Love Again
13%
The Wages of Love
13%
Wait Until the Weekend Comes
13%
When?
13%
When You Need Me
13%
Without Your Love
13%
You Can Count On Me
13%
No matching quizzes found
Score Distribution
Percent of People with Each Score
Percentile by Number Answered
Your Score History
You have not taken this quiz since the last reset